Ponga un psiquiatra en su vida : manual para mejorar la salud mental en tiempos de crisis /

Detalles Bibliográficos
Autor principal: Fuertes Rocañin, J. C. (Autor)
Formato: Electrónico eBook
Lenguaje:español
Publicado: Bilbao : Desclée De Brouwer, 2015.
Colección:Colección Serendipity ; 190.
Materias:
Acceso en línea:Digitalia Hispánica

MARC

LEADER 00000nam a2200000 i 4500
001 DIGDESCL0125
003 NyNyDIG
006 m o d
007 cr |||||||||||
008 231119s2015 sp o 000 0 spa d
035 |a (OCoLC)1410557540 
040 |a DGITA  |b eng  |e rda  |e pn  |c DGITA 
020 |a 9788433037176  |q eBook 
020 |z 9788433027542 
050 1 4 |a RC480.6 ebook 
100 1 |a Fuertes Rocañin, J. C.,  |e author. 
245 1 0 |a Ponga un psiquiatra en su vida :  |b manual para mejorar la salud mental en tiempos de crisis /  |c José Carlos Fuertes Rocañín. 
264 1 |a Bilbao :  |b Desclée De Brouwer,  |c 2015. 
300 |a 1 online resource. 
336 |a text  |b txt  |2 rdacontent 
337 |a computer file  |b c  |2 rdamedia 
338 |a online resource  |b cr  |2 rdacarrier 
347 |a text file  |2 rdaft 
347 |b EPUB 
490 1 |a Colección Serendipity ;  |v 190 
500 |a "Crecimiento personal"--Cover. 
588 0 |a Online resource; title from ePub title page (Digitalia, viewed November 19, 2023) 
650 0 |a Crisis intervention (Mental health services) 
650 0 |a Mental health. 
650 0 |a Self-help techniques. 
776 0 8 |i Print version:  |a Fuertes Rocañin, J. C.  |t Ponga un psiquiatra en su vida.  |d Bilbao : Desclée De Brouwer, [2014]  |z 9788433027542 
791 2 |a Digitalia (Firm),  |e distributor. 
793 0 |g Digitalia eBook Collection:  |a Editorial Desclée De Brouwer 
830 0 |a Colección Serendipity ;  |v 190. 
856 4 0 |3 Digitalia Hispánica  |u https://www.digitaliapublishing.com/a/84192/ 
910 |a Premium collection: 2023